Municípios da Região Metropolitana da Grande São Luís (MA) no mapa - Statistics

Estatísticas Gerais
  • Esse quiz foi jogado 102 vezes
  • A pontuação média é 7 de 13
Respostas no mapa
Respostas codificadas por cores de uma escala verde-vermelha no mapa do quiz de acordo com a % correta abaixo.
 
Estatísticas das Respostas
Município % Correto
São Luís
96%
São José de Ribamar
86%
Raposa
75%
Paço do Lumiar
73%
Alcântara
70%
Bacabeira
52%
Santa Rita
48%
Morros
46%
Rosário
46%
Icatu
45%
Axixá
43%
Presidente Juscelino
34%
Cachoeira Grande
30%
Nenhum quiz correspondente encontrado
Distribuição das Pontuações
Porcentagem de Pessoas com Cada Pontuação
Percentil de Números Respondidos
Sua Pontuação Histórica
Você não jogou esse quiz